000 00218nam a2200097Ia 4500
008 190216s9999||||xx |||||||||||||| ||und||
100 _aHolmiyand E J
245 0 _aJunior Chemistry
260 _bPrentice Hall
942 _cBK
999 _c1970
_d1970